000 00252nam a2200097Ia 4500
005 20251222114402.0
008 251222s1900||||xx |||||||||||||| ||spa||
082 _aDVD0070/T83/2004
245 0 _aLos Cuatrocientos Golpes:Les Quatre Cents Coups
942 _cDVD
999 _c1688
_d1688